El vals de Straus (Record no. 163170)

MARC details
000 -LEADER
campo de control de longitud fija 00746nam a2200169 i 4500
001 - NÚMERO DE CONTROL
campo de control 163170
003 - IDENTIFICADOR DE NÚMERO DE CONTROL
campo de control ES-MaACL
005 - FECHA Y HORA DE LA ÚLTIMA TRANSACCIÓN
campo de control 20230906212704.0
008 - DATOS DE LONGITUD FIJA--INFORMACIÓN GENERAL
campo de control de longitud fija 050711s1900 cu | |||||||| ||spa d
040 ## - FUENTE DE CATALOGACIÓN
Centro catalogador/agencia de origen CAM
Lengua de catalogación spa
Centro/agencia transcriptor CAM
100 1# - ENTRADA PRINCIPAL--NOMBRE DE PERSONA
Nombre de persona Regüeiferos y Boudet, Erasmo.
9 (RLIN) 95922
245 13 - MENCIÓN DEL TÍTULO
Título El vals de Straus
Resto del título : ensayo dramatico en un acto y en prosa /
Mención de responsabilidad, etc. original de Erasmo Regüeiferos y Boudet.
260 ## - PUBLICACIÓN, DISTRIBUCIÓN, ETC.
Lugar de publicación, distribución, etc. Santiago de Cuba :
Nombre del editor, distribuidor, etc. [s.n.],
Fecha de publicación, distribución, etc. 1900 (
Fabricante Imprenta de Juan E. Ravelo)
300 ## - DESCRIPCIÓN FÍSICA
Extensión 22 p. ;
Dimensiones 22 cm.
500 ## - NOTA GENERAL
Nota general Representado por primera vez en el Teatro Oriente, a beneficio del Sr. Enrique Castillo el dia 5 de septiembre de 1899.
852 ## - LOCALIZACIÓN
Ubicación ES-MaACL
Número de control de estantería T-1012-F-9
Nota libre -- Enc. hol. conservando la original
-- -- Enc. en un vol. facticio
Holdings
Estatus retirado Estado de pérdida Estado de daño No para préstamo Colección Biblioteca de origen Biblioteca actual Ubicación en estantería Fecha de adquisición Total de préstamos Signatura topográfica completa Código de barras Visto por última vez Precio de reemplazo Tipo de ítem Koha
        Colección de folletos Biblioteca del Ateneo de Madrid Biblioteca del Ateneo de Madrid Depósito folletos 17/01/2008   T-1012-F-9 1170983 23/02/2023 23/02/2023 Folleto